Statistics for Counties in Alabama

Click here to take the quiz!

General Stats

  • This quiz has been taken 170 times
  • The average score is 36 of 67

Answer Stats

PopulationCounty% Correct
658,466Jefferson
95%
412,992Mobile
84%
229,363Montgomery
84%
334,811Madison
80%
23,068Monroe
72%
9,045Greene
72%
194,656Tuscaloosa
70%
190,790Baldwin
70%
140,247Lee
68%
53,227Jackson
67%
17,581Washington
67%
82,782Limestone
64%
195,085Shelby
62%
43,820Dallas
61%
15,760Hale
58%
50,444Dale
58%
19,746Pickens
57%
92,709Lauderdale
57%
22,597Bibb
55%
31,704Franklin
55%
67,023Walker
55%
38,319Escambia
54%
117,296Calhoun
54%
83,593St. Clair
54%
10,591Perry
54%
22,913Randolph
53%
104,430Etowah
53%
11,670Wilcox
53%
82,291Talladega
53%
101,547Houston
53%
26,021Cherokee
51%
25,161Clarke
51%
30,776Marion
51%
80,440Cullman
50%
51,252Coffee
50%
55,514Autauga
50%
14,564Lamar
49%
71,109DeKalb
49%
41,616Tallapoosa
49%
119,490Morgan
49%
54,446Colbert
49%
10,966Coosa
49%
24,484Winston
49%
57,826Blount
49%
43,819Chilton
49%
12,981Conecuh
47%
93,019Marshall
47%
26,790Geneva
46%
17,302Henry
46%
27,201Barbour
46%
13,633Choctaw
45%
17,241Fayette
45%
11,299Lowndes
45%
13,435Clay
45%
34,339Lawrence
43%
52,947Russell
43%
13,763Sumter
43%
32,899Pike
43%
21,452Macon
43%
20,307Butler
42%
21,027Marengo
41%
37,955Covington
38%
34,064Chambers
37%
79,303Elmore
37%
14,083Crenshaw
34%
14,832Cleburne
33%
10,474Bullock
33%

Score Distribution

Percentile by Number Answered

Percent of People with Each Score

Your Score History

You have not taken this quiz